Statistics for Former "Country" Flags #17-Anatolia & Cyprus

Click here to take the quiz!

General Stats

  • This quiz has been taken 19 times
  • The average score is 4 of 9

Answer Stats

Answer% Correct
Ottoman Empire
100%
Kingdom of Cyprus
78%
Sultunate of Rum
56%
Aq Qoyunlu
44%
Empire of Trebizond
44%
Kars Republic
44%
Principality of Antioch
44%
Alaiye
22%
Beylik of Isfendiyar
11%

Score Distribution

Percentile by Number Answered

Percent of People with Each Score

Your Score History

You have not taken this quiz